Retrouve l'univers dans lequel apparaît cette divinité de fiction - Statistiques

Statistiques générales
  • Ce quiz a été pris 16 fois
  • Le résultat moyen est 8 sur 45
Statistiques - réponses
Divinité de fiction Univers % Correct
Arceus Pokémon
75%
Nika One Piece
67%
Ryuk Death Note
58%
N'Zoth World of Warcraft
50%
Eywa Avatar
42%
Beerus Dragon Ball Super
42%
Palutena Kid Icarus
42%
Farore The Legend of Zelda
42%
Shai-Hulud Dune
25%
R'hllor Game of Thrones
25%
Ornn League of Legends
25%
Eru Iluvatar Le Seigneur des Anneaux
25%
Jashin Naruto Shippuden
25%
Xélor Wakfu
25%
Adnyeus/Roi spirituel Bleach
17%
Ankseram Fairy Tail
17%
La Vérité Full Metal Alchemist
17%
Notch Minecraft
17%
Kilaire Super Smash Bros
17%
Akatosh The Elder Scrolls
17%
Melitele The Witcher
17%
Primus/Unicron Transformers
17%
Gloria/L'abomination Buffy contre les vampires
8%
Sorcière d'Izalith Dark Souls
8%
Sutekh Doctor Who
8%
Mystra Donjons & Dragons
8%
Zénus Dragon Quest
8%
Marika l'éternelle Elden Ring
8%
Ashunera Fire Emblem
8%
Grand Prédicateur Fire Force
8%
SCP-173 Fondation SCP
8%
Mondstadt Genshin Impact
8%
Aqua Konosuba
8%
Acacia/Dieu Gourmet Toriko
8%
Zerofuku Valkyrie Apocalypse
8%
Slifer le Dragon du Ciel Yu-Gi-Oh!
8%
Technical Boy American Gods
0%
Jubileus Bayonetta
0%
Arishem Eternels
0%
Altana Final Fantasy
0%
Anti-Spiral Gurren Lagann
0%
Tet No Game No Life
0%
Solaris Sonic The Hedgehog
0%
Stacia Sword Art Online
0%
Cade/Arcadius Vampire Diaries
0%
Aucun quiz correspondant
Distribution des résultats
% des personnes avec chaque résultat
Percentile par nombre de réponses
Votre historique - résultats
Vous n’avez pas pris ce quiz